| 000 | 00354nam a22001577a 4500 | ||
|---|---|---|---|
| 003 | SGT | ||
| 020 | _a9788194699040 | ||
| 082 |
_a617.6 _bD20R |
||
| 100 | _aSatheesh Kumar Reddy | ||
| 245 | _aDental Pulse | ||
| 250 | _a40TH | ||
| 260 |
_aNEW DELHI _bSwapna Medical Publisher _c2020 |
||
| 300 | _a1-1135 | ||
| 650 | _aDENTISTRY | ||
| 942 |
_2ddc _cBK _0148 |
||
| 999 |
_c20913 _d20913 |
||